000 01500cam a2200457 a 4500
001 16019297
003 OSt
005 20180116192414.0
008 091120s2009 sz ae 001 0 eng c
010 _a 2009673959
015 _aGBA960274
_2bnb
015 _a09,N14,0832
_2GyFmDB
016 7 _a015292573
_2Uk
016 7 _a993182445
_2DE-101
016 7 _a998078859
_2DE-101
020 _a9783037680278 (hbk.)
020 _a303768027X (hbk.)
035 _a(OCoLC)ocn316041136
040 _aUKM
_cUKM
_dBTCTA
_dYDXCP
_dOHX
_dTXA
_dIXA
_dHEBIS
_dDEBBG
_dGWDNB
_dDLC
042 _apcc
050 0 0 _aNA6845
_b.U34 2009
082 _a725.823
084 _aAP 57200
_2rvk
084 _aZH 6250
_2rvk
100 1 _aUffelen, Chris van.
_96400
245 1 0 _aCinema architecture /
_cChris van Uffelen.
250 _a1st ed.
260 _a[Salenstein] :
_bBraun,
_c2009.
300 _a253 p. :
_bill. (chiefly col.), plans (some col.) ;
_c30 cm.
500 _aIncludes index.
650 0 _aMotion picture theaters
_vPictorial works.
_96401
650 0 _aArchitecture, Modern
_y21st century
_vPictorial works.
_96402
650 0 7 _aFilmtheater.
_2swd
_96403
650 0 7 _aArchitektur.
_2swd
_96404
655 7 _aBildband.
_2swd
_96446
906 _a7
_bcbc
_cpccadap
_d3
_encip
_f20
_gy-gencatlg
942 _2ddc
_cBK
999 _c353665
_d353665